| 000 | 00461nam a2200157 i 4500 | ||
|---|---|---|---|
| 001 | 96893 | ||
| 003 | ES-MaACL | ||
| 005 | 20230906182009.0 | ||
| 007 | t| | ||
| 008 | 050704s1961 sp ||||1| spa d | ||
| 100 | 1 |
_aMandoli Giro, José María. _975960 |
|
| 245 | 1 | 0 |
_aEl Derecho Provincial / _cJosé Mª Mandoli Giro. |
| 260 |
_aBarcelona : _bCentro de Administración Municipal, _c1961. |
||
| 300 |
_a162 p. ; _c21 cm. |
||
| 852 |
_aES-MaACL _jC-20975 _bR.48044 |
||
| 999 |
_c96893 _d96893 |
||